Answers Contain "Apple" - Statistics

General Stats
  • This quiz has been taken 57 times
    35 since last reset
  • The average score is 9 of 17
Answer Stats
Clue Answer % Correct
Nickname of New York City Big Apple
100%
A part of the male human body Adam's apple
96%
Tropical fruit Pineapple
79%
Restaurant chain known for "riblets" Applebee's
64%
Unfiltered apple juice Apple Cider
64%
Hera, Athena and Aphrodite fought over this Apple of Discord
64%
Your face will get wet playing this silly game Apple bobbing
57%
Orange and green o-shaped breakfast cereal Apple Jacks
57%
A kind of wild apple Crab apple
54%
Sixth largest city in Wisconsin Appleton
46%
American pioneer plant nurseryman Johnny Appleseed
46%
Record label founded by the Beatles Apple Records
39%
Traditional Viennese pastry Apple strudel
39%
Gwyneth Paltrow's daughter Apple Martin
36%
Fruit of a plant producing a common nut Cashew apple
25%
Denim brand launched by rapper Nelly Apple Bottoms
14%
Forcibly closed Hong Kong newspaper Apple Daily
11%
No matching quizzes found
Score Distribution
Percent of People with Each Score
Percentile by Number Answered
Your Score History
You have not taken this quiz since the last reset